000 00822nam a2200205Ia 4500
003 Ost
005 20260507075436.0
008 260507s9999||||xx |||||||||||||| ||und||
040 _cfsecg
041 _aara
082 _a658.57
100 _aمقبل، ابراهيم يزن
_eمؤلف
245 0 _aمقدمة في بحوث العمليات /
_c ابراهيم يزن مقبل
260 _aعمان:
_bمكتبة المجتمع العربي للنشر,
_c2005
300 _a138 صفحة؛
_bإيضاحات ؛
_c24 سم
520 _aمقدمة في علم بحوث العمليات، البرمجة الخطية، مشاكل النقل، مشكلة التعيين والتخصيص، شبكات الأعمال
653 _aالبرمجية الخطية
653 _aبحوث العمليات
942 _cكتاب
999 _c44543
_d44543